000 00567nam a2200193Ii 4500
003 JO-AjNU
008 230606s9999||||xx |||||||||||||| ||und||
040 _aJO-AjNU
_beng
_erda
_cJO-AjNU
041 _aeng
050 1 4 _aTK5105 1999
100 3 _aAgarwal, D. C,
_eauthor
_9697
245 0 0 _aComputer Communication and isdn systems
264 3 1 _aDelhi: Khanna pub lishers
300 _a302p
336 _atext
_btxt
_2rdacontent
337 _aunmediated
_bn
_2rdamedia
338 _avolume
_bnc
_2rdacarrier
650 4 _aComputer Communication and isdn systems
_9698
999 _aE367
_c367
_d367